Избраное: природа культуры (Запис № 314786)

МАРК-запис
000 -Лідер
fixed length control field 00695nam a22002657a 4500
001 - Контрольний номер
control field 28419
003 - Ідентифікатор контрольного номера
control field UA-OsUOA
005 - Дата та час останнього входження (трансакції)
control field 20200213203118.0
007 - Фіксоване поле фізичного опису
fixed length control field ta
008 - Елементи даних фіксованої довжини – загальна інформація
fixed length control field 20050323b un ||||| |||| 00| 0 ukr d
020 ## - Міжнародний стандартний книжковий номер (ISBN)
Міжнародний стандартний книжковий номер (ISBN) (НП) 5824304750
040 ## - Джерело каталогізації
Агенція оригінальної каталогізації UA-OsUOA
Мова каталогізації rus
Агенція, яка здійснювала перезапис UA-OsUOA
Агенція, яка здійснювала модифікацію UA-OsUOA
041 ## - Код мови
Код мови тексту/ звукової доріжки чи окремого заголовка (П) rus
044 ## - Код країни видавця/ виробника
Код країни видавця/ виробника (П) RU
080 ## - Індекс Універсальної десяткової класифікації
Індекс Універсальної десяткової класифікації (УДК) (НП) 008:316.73(091)
090 ## - Локальний шифр розміщення
Класифікаційний індекс УДК 008:316.73(091)
Авторський знак (НП) К78
100 ## - Основне введення – ім’я особи
Ім’я особи (НП) Крёбер Альфред Луис
245 ## - Відомості про назву
Назва (НП) Избраное: природа культуры
260 ## - Публікація, розповсюдження і т.п. (Вихідні дані)
Місце публікації, розповсюдження і т.п. (П) М.
Ім’я/ наймення видавництва, розповсюджувача і т.п. (П) РОССПЭН
Дата публікації, розповсюдження і т.п. (П) 2004
300 ## - Фізичний опис
Обсяг 1008 с.
650 #7 - Додаткове предметне введення – тематичний термін
Джерело заголовка чи терміна UDC
942 ## - Додаткові елементи входу (Коха)
Тип елемента Koha Книги
Source of classification or shelving scheme Universal Decimal Classification
955 ## - Код типу видання за змістом
Код типу видання за змістом (НП) інше
Фонди
Стан вилучень Стан втрат Джерело класифікації або схеми стелажів Стан уражень Не для кредиту Постійне місце розташування Поточне розміщення Дата придбання Інвентарний номер Усього замовленно Повний номер виклику Штрих-код Дата останнього перегляду Ціна ефективна від Тип елемента Koha Джерело придбання Вартість, звичайна ціна покупки
    Universal Decimal Classification     ЧЗ - Читальна зала ЧЗ - Читальна зала 23/03/2005 83865   008:316.73(091) К78 83865 09/02/2022 23/03/2005 Книги    
    Universal Decimal Classification     ЧЗ - Читальна зала ЧЗ - Читальна зала 04/04/2005 84517   008:316.73(091) К78 84517 09/02/2022 23/03/2005 Книги    
    Universal Decimal Classification     ЧЗ - Читальна зала ЧЗ - Читальна зала 21/02/2007 103157   008:316.73(091) К78 103157 09/02/2022 21/02/2007 Книги 37/2007 66.42